Paul before Caesar: (Record no. 5180)

000 -LEADER
fixed length control field 00590nam a2200181 a 4500
001 - CONTROL NUMBER
control field :::00002921$&:&@@
003 - CONTROL NUMBER IDENTIFIER
control field OkBaRHE
005 - DATE AND TIME OF LATEST TRANSACTION
control field 20000607103258.0
008 - FIXED-LENGTH DATA ELEMENTS--GENERAL INFORMATION
fixed length control field s1936 j 000 0 eng u
040 ## - CATALOGING SOURCE
Transcribing agency
100 1# - MAIN ENTRY--PERSONAL NAME
Personal name Roddy, Irving Gaines.
245 10 - TITLE STATEMENT
Title Paul before Caesar:
Remainder of title from the legal viewpoint.
260 ## - PUBLICATION, DISTRIBUTION, ETC. (IMPRINT)
Place of publication, distribution, etc Philadelphia, PA., :
Name of publisher, distributor, etc The Judson Press
Date of publication, distribution, etc c1936
300 ## - PHYSICAL DESCRIPTION
Extent 148 p. ;
Dimensions 20 cm.
650 ## - SUBJECT ADDED ENTRY--TOPICAL TERM
Topical term or geographic name as entry element Paul, Saint, apostle
942 ## - ADDED ENTRY ELEMENTS (KOHA)
Source of classification or shelving scheme
Koha item type Books
Copies
Date acquired Not for loan Date last seen Full call number Damaged status Permanent Location Withdrawn status Price effective from Shelving location Current Location Barcode Koha item type Source of classification or shelving scheme Copy number Lost status
2010-04-14 2018-03-16BS 2505 .R585 RHEMA Bible Training College 2010-04-14General StacksRHEMA Bible Training College2921Books 1